00712 2200253 4500001002100000005001500021020002200036035002400058040001200082082001800094082002200112084002200134245007800156250001000234260004000244300004100284500001100325504003100336650003100367850001200398990001600410990001600426990001600442YOGYA00000000009925020140823123632 a978-602-229-094-0 0010-101300000000131 aYOPDYOG 2[22]a297.228 aNUS 297.228 Ari A aNUS 297.228 Ari A aAgama nelayan :bPergumulan Islam dengan budaya lokal /cArifuddin Ismail aCet.1 aYogyakarta:bPustaka Pelajar,c2012 axvi, 240 hlm.:bilus.;c23 cm(3 eks) aIndeks aBibliografi : hlm. 226-231 aIslam dan Perubahan Sosial aYOPDYOG a0709/B.2013 a0710/B.2013 a0711/B.2013